00526nam a22001697a 450000500170000001000150001702000260003203500130005803700130007108200110008410000190009524500810011426000370019527000860023230000200031870000180033820151126171819.0 aENG-114145 c400.00a9788184420586 aEN-97677 bDBAD/PUB a954.53 aPasupathi, Tab aMagadha capital Rajagriha and Nalanda /cby Tab Pasupathi [and] Suresh Chand aNew DelhibUniversal Voicec2015 aGF-6, Prakash Deep Building, 4735/22, Ansari Road, Darya Ganj,bNew Delhie110002 a108p.c22cm(Hb) aSuresh Chand